| 000 | 00633nam a22002177a 4500 | ||
|---|---|---|---|
| 005 | 20170124110023.0 | ||
| 010 | _aA-834987 | ||
| 020 | _c400.00 | ||
| 035 | _aA-834987 | ||
| 037 | _bCen Lib/Ret | ||
| 040 |
_aDPL _bEN |
||
| 082 |
_a606 _bORG |
||
| 245 |
_aThe organization of research establishment / _cedited by Sir John Cockcroft |
||
| 260 |
_aLondon _bCambridge University Press _c1965 |
||
| 270 |
_aBentley House, 200 Euston Road _bLondon _eN.W.1 |
||
| 300 |
_a275p. : _c21cm(Hb) |
||
| 500 | _aIncludes index. | ||
| 650 |
_aTechnology _93711 |
||
| 650 |
_aResearch _921774 |
||
| 942 |
_2ddc _cEN _h606 _mORG |
||
| 999 |
_c127320 _d127320 |
||